Elementary applied partial differential equations with fourier series (Record no. 295322)

000 -LEADER
fixed length control field 00362 a2200145 4500
001 - CONTROL NUMBER
control field 60249
082 ## - DEWEY DECIMAL CLASSIFICATION NUMBER
Classification number 515.353 HAB
090 ## - LOCALLY ASSIGNED LC-TYPE CALL NUMBER (OCLC); LOCAL CALL NUMBER (RLIN)
-- 36992
-- 36992
100 ## - MAIN ENTRY--PERSONAL NAME
Personal name Haberman, R.
245 ## - TITLE STATEMENT
Title Elementary applied partial differential equations with fourier series
250 ## - EDITION STATEMENT
Edition statement 3
260 ## - PUBLICATION, DISTRIBUTION, ETC.
Place of publication, distribution, etc. N J
Name of publisher, distributor, etc. Prentice Hall
Date of publication, distribution, etc. 1998
300 ## - PHYSICAL DESCRIPTION
Extent xv, 736
518 ## - DATE/TIME AND PLACE OF AN EVENT NOTE
Date/time and place of an event note 7/5/2010
942 ## - ADDED ENTRY ELEMENTS (KOHA)
Institution code [OBSOLETE] NUST CAE
Call number prefix 515.353 HAB
Holdings
Withdrawn status Lost status Damaged status Not for loan Collection code Permanent Location Current Location Date acquired Total Checkouts Full call number Barcode Date last seen Price effective from Koha item type
          College of Aeronautical Engineering (CAE) College of Aeronautical Engineering (CAE) 04/03/2017   515.353 HAB CAEN-2571 04/05/2017 04/05/2017 Book
© 2023 Central Library, National University of Sciences and Technology. All Rights Reserved.